Alphabetical Confederate States Quiz Stats

 Plays Quiz Updated Aug 16, 2018

Score 0/11 Timer 02:00
0 Plays Today
Confederate State % Correct
Alabama
99.8%
Arkansas
87.9%
Georgia
86%
Florida
83.6%
Louisiana
73.9%
Mississippi
73.5%
North Carolina
71.2%
South Carolina
69.9%
Tennessee
66.7%
Virginia
64.7%
Texas
64.4%

You're not logged in!

Compare scores with friends on all Sporcle quizzes.
OR
Log In

Sporcle TV

Today on Sporcle TV


Watch our educational content, quiz creation guides, and fun videos on Sporcle TV.

Show Comments

Extras

Top Quizzes Today


Score Distribution

Your Account Isn't Verified!

In order to create a playlist on Sporcle, you need to verify the email address you used during registration. Go to your Sporcle Settings to finish the process.

Report this User

Report this user for behavior that violates our Community Guidelines.

Details: